000 00527nam a2200169Ia 4500
008 090711s9999 xx 000 0 und d
082 _b78123
100 _aइंदापवार अलका सं.
245 _aनामामgत गोडी
260 _c1995
300 _a239
600 _aइंदापवार अलका सं.
630 _aनामामgत गोडी
700 _aइंदापवार अलका सं.
730 _aनामामgत गोडी
942 _cBOOK
999 _c286589
_d286589